Marketing management for small and medium enterprises: Pricing and pricing strategy
保存先:
| フォーマット: | 図書 |
|---|---|
| 言語: | Undetermined |
| 出版事項: |
Tp. HCM
Trẻ
2001
|
| 主題: | |
| タグ: |
タグ追加
タグなし, このレコードへの初めてのタグを付けませんか!
|
| Thư viện lưu trữ: | Trung tâm Học liệu Trường Đại học Cần Thơ |
|---|
| LEADER | 00512nam a2200169Ia 4500 | ||
|---|---|---|---|
| 001 | CTU_43650 | ||
| 008 | 210402s9999 xx 000 0 und d | ||
| 020 | |b 30.000đ | ||
| 082 | |a 658.8 | ||
| 082 | |b B979p | ||
| 245 | 0 | |a Marketing management for small and medium enterprises: Pricing and pricing strategy | |
| 260 | |a Tp. HCM | ||
| 260 | |b Trẻ | ||
| 260 | |c 2001 | ||
| 650 | |a industrial management,marketing,pricing theory | ||
| 904 | |i Minh, 010927 | ||
| 980 | |a Trung tâm Học liệu Trường Đại học Cần Thơ | ||